Segunda [-tercera] parte de la Crónica de Valencia / (Record no. 167405)
[ view plain ]
| 000 -LEADER | |
|---|---|
| campo de control de longitud fija | 01147nam a22002655i 4500 |
| 001 - NÚMERO DE CONTROL | |
| campo de control | 167405 |
| 003 - IDENTIFICADOR DE NÚMERO DE CONTROL | |
| campo de control | ES-MaACL |
| 005 - FECHA Y HORA DE LA ÚLTIMA TRANSACCIÓN | |
| campo de control | 20230906213523.0 |
| 008 - DATOS DE LONGITUD FIJA--INFORMACIÓN GENERAL | |
| campo de control de longitud fija | 971104m18811882sp a |||| | spa d |
| 040 ## - FUENTE DE CATALOGACIÓN | |
| Centro catalogador/agencia de origen | AR |
| Lengua de catalogación | spa |
| Centro/agencia transcriptor | AR |
| 100 1# - ENTRADA PRINCIPAL--NOMBRE DE PERSONA | |
| Nombre de persona | Viciana, Martín de. |
| 9 (RLIN) | 133672 |
| 245 10 - MENCIÓN DEL TÍTULO | |
| Título | Segunda [-tercera] parte de la Crónica de Valencia / |
| Mención de responsabilidad, etc. | compuesta por Martin de Viciana ; publicala nuevamente la Sociedad Valenciana de Bibliofilos. |
| 250 ## - MENCION DE EDICION | |
| Mención de edición | [Reimp.]. |
| 260 ## - PUBLICACIÓN, DISTRIBUCIÓN, ETC. | |
| Lugar de publicación, distribución, etc. | Valencia : |
| Nombre del editor, distribuidor, etc. | [s.n.], |
| Fecha de publicación, distribución, etc. | 1881-1882 ( |
| Fabricante | Imp. de Manuel Alufre) |
| 300 ## - DESCRIPCIÓN FÍSICA | |
| Extensión | 2 v. (XXIX, 198 p.; 420 p.) : |
| Otras características físicas | il. ; |
| Dimensiones | 33 cm. |
| 505 8# - NOTA DE CONTENIDO CON FORMATO | |
| Nota de contenido con formato | Apéndices: p. 171-189 |
| 650 #4 - PUNTO DE ACCESO ADICIONAL DE MATERIA--TÉRMINO DE MATERIA | |
| Término de materia o nombre geográfico como elemento de entrada | Militares- |
| Subdivisión geográfica | Valencia (Reino)- |
| Subdivisión cronológica | S.XVII- |
| Subdivisión general | Genealogía. |
| 9 (RLIN) | 157823 |
| 651 #4 - PUNTO DE ACCESO ADICIONAL DE MATERIA--NOMBRE GEOGRÁFICO | |
| Nombre geográfico | Valencia (Reino)- |
| Subdivisión general | Historia. |
| 9 (RLIN) | 9504 |
| 651 ## - PUNTO DE ACCESO ADICIONAL DE MATERIA--NOMBRE GEOGRÁFICO | |
| Nombre geográfico | Comunidad Valenciana- |
| Subdivisión general | Historia- |
| Subdivisión cronológica | 1519-1523, Germanías. |
| 9 (RLIN) | 163469 |
| 655 #7 - TERMINO DE INDIZACIÓN--GENERO/FORMA | |
| Fuente del término | tgfbne |
| 9 (RLIN) | 226495 |
| Datos o término principal de género/forma | Facsímiles |
| 710 2# - ENTRADA AGREGADA--NOMBRE DE ENTIDAD CORPORATIVA | |
| Nombre de entidad corporativa o nombre de jurisdicción como elemento de entrada | Sociedad Valenciana de Bibliófilos. |
| 9 (RLIN) | 134905 |
| 852 ## - LOCALIZACIÓN | |
| Ubicación | ES-MaACL |
| Número de control de estantería | G-5421-22 |
| Nota libre | -- Enc. hol. |
| -- | -- Tirada de 200 ejemplares. Ejemplar nº 84: Ateneo Científico, Literario y Artístico de Madrid |
| 942 ## - ELEMENTOS DE ENTRADA SECUNDARIOS (KOHA) | |
| Fuente del sistema de clasificación o colocación | Clasificación decimal universal |
| Estatus retirado | Estado de pérdida | Estado de daño | No para préstamo | Colección | Biblioteca de origen | Biblioteca actual | Ubicación en estantería | Fecha de adquisición | Total de préstamos | Signatura topográfica completa | Código de barras | Visto por última vez | Precio de reemplazo | Tipo de ítem Koha |
|---|---|---|---|---|---|---|---|---|---|---|---|---|---|---|
| Libros del s. XIX | Biblioteca del Ateneo de Madrid | Biblioteca del Ateneo de Madrid | Depósito 2 | 17/01/2008 | G-5421-22 | 1175617 | 23/02/2023 | 23/02/2023 | Libro impreso antiguo |
